| 000 | 00449nam a22001697a 4500 | ||
|---|---|---|---|
| 003 | NUST - PNEC | ||
| 005 | 20170116181044.0 | ||
| 008 | 150923b xxu||||| |||| 00| 0 eng d | ||
| 020 | _a0743241401 | ||
| 040 | _cLIBRARY | ||
| 082 | _a650.076 KAP | ||
| 100 |
_93623 _aKaplan |
||
| 245 |
_aKaplan GMAT 2004 with CD-ROM _cKaplan |
||
| 260 | _c2003 | ||
| 650 |
_911678 _aUniversities and colleges--Graduate work--Admission _xGeneral |
||
| 942 |
_2ddc _cBK |
||
| 999 |
_c68186 _d68186 |
||